<?xml version="1.0" encoding="UTF-8"?>
<record
    xmlns:xsi="http://www.w3.org/2001/XMLSchema-instance"
    xsi:schemaLocation="http://www.loc.gov/MARC21/slim http://www.loc.gov/standards/marcxml/schema/MARC21slim.xsd"
    xmlns="http://www.loc.gov/MARC21/slim">

  <leader>01867cab a2200277Ia 45 0</leader>
  <controlfield tag="001">u209915</controlfield>
  <controlfield tag="003">SIRSI</controlfield>
  <controlfield tag="008">120216s2002    ua     ss b         eng d</controlfield>
  <datafield tag="040" ind1=" " ind2=" ">
    <subfield code="a">EAL</subfield>
  </datafield>
  <datafield tag="041" ind1=" " ind2=" ">
    <subfield code="a">eng</subfield>
    <subfield code="b">ara</subfield>
  </datafield>
  <datafield tag="090" ind1=" " ind2=" ">
    <subfield code="a">ART EJAR V80 No1 12</subfield>
  </datafield>
  <datafield tag="100" ind1="1" ind2=" ">
    <subfield code="a">Fouad, Maha M.</subfield>
  </datafield>
  <datafield tag="240" ind1="1" ind2="0">
    <subfield code="a">Egyptian journal of agricultural research, 2002 v 80 (1)</subfield>
    <subfield code="h">[electronic resource].</subfield>
  </datafield>
  <datafield tag="245" ind1="1" ind2="0">
    <subfield code="a">Effect of neem extract, garlic acid and diflubenzuron on jaws morphology of some terrestrial molluscs</subfield>
    <subfield code="h">[electronic resource].</subfield>
  </datafield>
  <datafield tag="246" ind1="1" ind2="5">
    <subfield code="a">&#x62A;&#x623;&#x62B;&#x64A;&#x631; &#x645;&#x633;&#x62A;&#x62E;&#x644;&#x635; &#x627;&#x644;&#x646;&#x64A;&#x645; &#x648;&#x62D;&#x627;&#x645;&#x636; &#x627;&#x644;&#x62C;&#x627;&#x631;&#x644;&#x64A;&#x643; &#x648;&#x627;&#x644;&#x62F;&#x627;&#x64A;&#x641;&#x644;&#x648;&#x628;&#x646;&#x632;&#x64A;&#x631;&#x648;&#x646; &#x639;&#x644;&#x649; &#x645;&#x648;&#x631;&#x641;&#x648;&#x644;&#x648;&#x62C;&#x64A;&#x627; &#x627;&#x644;&#x641;&#x643; &#x641;&#x649; &#x628;&#x639;&#x636; &#x627;&#x644;&#x631;&#x62E;&#x648;&#x64A;&#x627;&#x62A; &#x627;&#x644;&#x623;&#x631;&#x636;&#x64A;&#x629;.</subfield>
  </datafield>
  <datafield tag="300" ind1=" " ind2=" ">
    <subfield code="a">p.155-167.</subfield>
  </datafield>
  <datafield tag="504" ind1=" " ind2=" ">
    <subfield code="a">Includes references.</subfield>
  </datafield>
  <datafield tag="520" ind1=" " ind2=" ">
    <subfield code="a">The present study aimed to elucidate the differences in the morphological characteristics of jaw between two land snails, i.e. Eobania vermiculata (Muller), Theba pisana (Muller) and one land slug, i.e. Limax flavus Linnaeus at different ages (juveniles of 2 months old, adults of 9- 1o and 20-24 months old) under laboratory conditions. Also, the teratogenic effects of two plant extracts (neem and garlic) and one insect growth regulator (igr), diflubenzuron on jaw of these terrestrial molluscs were investigated . Results indicate that, the morphological features of the jaw were differed considerably according to the terrestrial molluscs species their ages and used either of the two plant extracts or insects growth regulator.</subfield>
  </datafield>
  <datafield tag="546" ind1=" " ind2=" ">
    <subfield code="a">Summary in Arabic.</subfield>
  </datafield>
  <datafield tag="650" ind1=" " ind2="0">
    <subfield code="a">Mollusks</subfield>
    <subfield code="x">Anatomy.</subfield>
  </datafield>
  <datafield tag="650" ind1=" " ind2="0">
    <subfield code="a">Mollusks</subfield>
    <subfield code="x">Biological control.</subfield>
  </datafield>
  <datafield tag="650" ind1=" " ind2="0">
    <subfield code="a">Snails</subfield>
    <subfield code="x">Biological control.</subfield>
  </datafield>
  <datafield tag="773" ind1="0" ind2=" ">
    <subfield code="t">Egyptian Journal of Agricultural Research. </subfield>
    <subfield code="g">2002.v.80(1)</subfield>
    <subfield code="x">1110-6336</subfield>
    <subfield code="7">nnas</subfield>
    <subfield code="w">u158585</subfield>
  </datafield>
  <datafield tag="856" ind1="4" ind2="0">
    <subfield code="u">http://nile.enal.sci.eg/EALE/2002/EJAR/8002/1/155.pdf</subfield>
    <subfield code="z">Full Text Article</subfield>
  </datafield>
  <datafield tag="596" ind1=" " ind2=" ">
    <subfield code="a">1</subfield>
  </datafield>
  <datafield tag="942" ind1=" " ind2=" ">
    <subfield code="c">AR</subfield>
    <subfield code="2">lcc</subfield>
  </datafield>
  <datafield tag="999" ind1=" " ind2=" ">
    <subfield code="c">59383</subfield>
    <subfield code="d">59383</subfield>
  </datafield>
</record>
